Hauptstädte mit 4 Buchstaben - Statistiken

Allgemein
  • Dieses Quiz wurde 122 mal gespielt
  • Das Durchschnittsergebnis liegt bei 9 aus 16
Antwortstatistiken
Kontinent Hauptstadt % Korrekt
Europa Wien
90%
Europa Oslo
86%
Südamerika Lima
84%
Europa Prag
83%
Europa Bern
82%
Europa Riga
81%
Europa Kiew
63%
Asien Baku
52%
Asien Riad
50%
Asien Dili
45%
Afrika Lome
42%
Ozeanien Suva
42%
Asien Doha
40%
Asien Male
37%
Afrika Juba
32%
Ozeanien Apia
31%
Keine übereinstimmenden Quizze gefunden
Verteilung der Resultate
Anzahl Personen mit jedem Resultat
Perzentil nach korrekt beantworteten Fragen
Ihre Resultats-Entwicklung
Sie haben dieses Quiz noch nicht gespielt